| 000 | 00567pam a2200229 a 4500 | ||
|---|---|---|---|
| 001 | 3824522 | ||
| 005 | 20180216042002.0 | ||
| 008 | 860926s1987 paua b 001 0 eng c | ||
| 010 | _a 86021410 | ||
| 020 | _a039750747X | ||
| 040 |
_aDNLM/DLC _cDLC _dDLC |
||
| 041 | _aeng | ||
| 060 | _aWI 700 D615 | ||
| 080 | _a616.362 sch | ||
| 082 | 0 | 0 |
_a616.362 sch _219 |
| 100 | _a4 | ||
| 101 | _ashm | ||
| 245 | 0 | 0 | _aDiseases of the liver. |
| 504 | _aIncludes bibliographies and index. | ||
| 906 |
_a7 _bcbc _corignew _d1 _eocip _f19 _gy-gencatlg |
||
| 942 |
_2ddc _cBK |
||
| 999 |
_c42760 _d42760 |
||